000 00754nam a2200241 i 4500
001 bg
100 1 _aKRUCZALAK, Kazimierz
_d(1934- ).
245 1 0 _aPrawo handlowe :
_bzarys wykładu /
_cKazimierz Kruczalak.
250 _aWyd. 3 zm.
260 _aWarszawa :
_bWydawnictwa Prawnicze PWN,
_c1997.
300 _a553, [1] s. ;
_c24 cm.
500 _aStreszcz. ang., niem.
650 9 _aPrawo handlowe
_zPolska
655 _aPodręczniki akademickie
020 _a8386702818
040 _cBPK
041 0 _apl
_bdeen
080 _a347.7(438)(075.8)
920 _a83-86702-81-8
942 _cKS
008 s pl f |000 0 pol
856 _uhttp://koha.tu.koszalin.pl/cgi-bin/koha/opac-detail.pl?biblionumber=33513
_yKatalog online BPK
999 _c33513
_d33513